| Record ID | ia:bycitygrate00mitciala |
| Source | Internet Archive |
| Download MARC XML | https://archive.org/download/bycitygrate00mitciala/bycitygrate00mitciala_marc.xml |
| Download MARC binary | https://www.archive.org/download/bycitygrate00mitciala/bycitygrate00mitciala_meta.mrc |
LEADER: 00535nam 2200193Ii 4500
001 2470875
005 19860521110831.0
008 800502s1907 nyu 000 1 eng d
035 $a(OCoLC)06274667
035 $907-AIA-0953
040 $aAAA$cAAA$dCLU
100 1 $aMitchell, Donald Grant,$d1822-1908.
245 10 $aBy a city grate /$cIk Marvel.
260 $aNew York :$bR.F. Fenno & Co.,$c[c1907]
300 $a51 p. :$bfront. ;$c19 cm.
500 $aFrom Reveries of a bachelor.
910 $aqad 860521 mp
935 $aMC3037393
910 $aMARS